Environmental degradation and transformation of organic chemicals
Αποθηκεύτηκε σε:
| Κύριος συγγραφέας: | |
|---|---|
| Άλλοι συγγραφείς: | |
| Μορφή: | Βιβλίο |
| Γλώσσα: | English |
| Δημοσίευση: |
Boca Raton :
CRC Press/Taylor & Francis,
2008
|
| Θέματα: | |
| Ετικέτες: |
Προσθήκη ετικέτας
Δεν υπάρχουν, Καταχωρήστε ετικέτα πρώτοι!
|
MARC
| LEADER | 00000nam a2200000 i 4500 | ||
|---|---|---|---|
| 001 | 1/69438 | ||
| 008 | 080108s2008 eng d | ||
| 020 | |a 978-0-8493-7241-4 | ||
| 035 | |l 10093415 | ||
| 040 | |a GR-MY-UA |b gre |e aacr | ||
| 041 | 0 | |a eng | |
| 082 | 0 | |a 577.14 |2 (22) | |
| 100 | 1 | |a Neilson, Alasdair H. | |
| 245 | 1 | 0 | |a Environmental degradation and transformation of organic chemicals / |c Alasdair H. Neilson and Ann-Sofie Allard |
| 260 | |a Boca Raton : |b CRC Press/Taylor & Francis, |c 2008 | ||
| 300 | |a xxv, 710 σ.; |b εικ.; |c 27 εκ. | ||
| 500 | |a Αναθ. έκδ. του: Organic chemicals : an environmental perspective, published: Boca Raton, Fla. : Lewis Publishers, 2000 | ||
| 504 | |a Περιέχει βιβλιογραφικές παραπομπές και ευρετήριο | ||
| 650 | 0 | 0 | |a Aquatic organisms |x Effect of water pollution on. |
| 650 | 0 | 0 | |a Organic water pollutants |x Environmental aspects. |
| 700 | 1 | |a Allard, Ann-Sofie. | |
| 852 | |a INST |b LESVOS |e 20080108 |h 577.14 NEI |p 005100040341 |q 005100040341 |t BK |y 0 | ||
| 901 | |a BIBL1-2008-1 | ||
| 909 | |a Λ |b 143301 | ||
| 922 | |a 1ΕΛΗ |b 200712 |c ΕΠΕΑΕΚ2/ΤΕΘ |d ΠΑΠΑΣΩΤΗΡΙΟΥ | ||
| 970 | |a ΚΑΡΑ |b ΓΙΑΣΕΜΗ |z 2008/01/08 | ||